Clinical practice of educational theraphy : a teaching model / (Record no. 2994)

MARC details
000 -LEADER
fixed length control field 00688nam a2200217 4500
003 - CONTROL NUMBER IDENTIFIER
control field OSt
005 - DATE AND TIME OF LATEST TRANSACTION
control field 20240731013618.0
008 - FIXED-LENGTH DATA ELEMENTS--GENERAL INFORMATION
fixed length control field 240731b |||||||| |||| 00| 0 eng d
020 ## - INTERNATIONAL STANDARD BOOK NUMBER
International Standard Book Number 9780415998574
040 ## - CATALOGING SOURCE
Original cataloging agency DWCL-Main lib.
Transcribing agency OC
082 ## - DEWEY DECIMAL CLASSIFICATION NUMBER
Classification number Circ. 371.713 C641 2010
006 - FIXED-LENGTH DATA ELEMENTS--ADDITIONAL MATERIAL CHARACTERISTICS
fixed length control field a
110 ## - MAIN ENTRY--CORPORATE NAME
Corporate name or jurisdiction name as entry element Maxine Ficksman
245 ## - TITLE STATEMENT
Title Clinical practice of educational theraphy : a teaching model /
260 ## - PUBLICATION, DISTRIBUTION, ETC.
Place of publication, distribution, etc. N.Y. :
Name of publisher, distributor, etc. Routledge,
Date of publication, distribution, etc. c2010.
300 ## - PHYSICAL DESCRIPTION
Extent xiii,
Other physical details 362 p. : ill. ;
Dimensions 25 cm.
504 ## - BIBLIOGRAPHY, ETC. NOTE
Bibliography, etc. note Includes bibliographical references & index.<br/>
650 ## - SUBJECT ADDED ENTRY--TOPICAL TERM
Topical term or geographic name entry element 1. Educational Psychology.
650 ## - SUBJECT ADDED ENTRY--TOPICAL TERM
Topical term or geographic name entry element 2. Educational psychologists-In-Service training.
942 ## - ADDED ENTRY ELEMENTS (KOHA)
Source of classification or shelving scheme Dewey Decimal Classification
Suppress in OPAC No
Koha item type Book Circulation
Call number prefix Circ.
Holdings
Withdrawn status Lost status Source of classification or shelving scheme Damaged status Not for loan Home library Current library Date acquired Source of acquisition Total Checkouts Full call number Barcode Date last seen Copy number Price effective from Koha item type Uniform Resource Identifier
    Dewey Decimal Classification     College Library College Library 01/27/2011 School Fund   Circ. 371.713 C641 2010 48142 07/31/2024 c1 07/31/2024 Book Circulation